| 000 | 00583nam a2200181Ia 4500 | ||
|---|---|---|---|
| 008 | 090201s9999 xx 000 0 und d | ||
| 010 | _aKPL-66061 | ||
| 040 | _bमराठी | ||
| 041 | _aमराठी | ||
| 082 |
_a1277 _b66061 |
||
| 100 | _aके. वि. बेलसरे | ||
| 245 |
_aसाधकांसाठी संतकथा _cके. वि. बेलसरे |
||
| 250 | _a1 | ||
| 260 |
_c1992 _bत्रिदल प्रकाशन |
||
| 300 |
_a176 _bलहान |
||
| 600 | _aसाधकांसाठी संतकथा | ||
| 942 | _cBOOK | ||
| 999 |
_c202368 _d202368 |
||